000 01369nam a2200313 a 4500
001 BRCA_4996
005 20190320204908.0
008 281010m18021805mx-######v---#000-0#spa-#
041 _aspa
044 _amx
084 _aDOC87
_b.B67
_c1802
100 1 _aBorda, Manuel de la
_912729
245 1 0 _aDocumento de la cuenta de albaceazgo de Don Manuel de la Borda
_cManuel de la Borda, María Matiana Velázquez, Marcos Antonio de Benazaluce.
260 _aMéxico
_c1802-1805
300 _a[14] fojas
_c30 x 21 cm
500 _aDocumento firmado el 31 de julio de 1805
500 _aDeducción hecha de la cuenta de albaceazgo de Don Manuel de la Borda y Doña Matiana Velázquez, de la glosa, reparos y resultas. Año 1802. Firma Joaquín Romero de Caamaño
500 _aEl documento tiene la leyenda DOC. #247
500 _aPapel con marca de agua
500 _aEstado de conservación: Contiene rasgos de daño por polilla y acidificación
506 0 _aFondo reservado: para su consulta es necesario credencial de usuario y carta de motivos
546 _aTexto en: español de principio del siglo XIX
600 1 4 _aBorda, Manuel de la
_912729
651 4 _aMéxico
_vManuscrito
_xHistoria
_yColonia, 1521-1821
_912730
700 1 _aVelázquez, María Matiana
_912689
700 1 _aBenazaluce, Marcos Antonio
_912731
902 _aFDH
942 _2lcc
_cD
999 _c4690
_d4690